000 01837nam a22003134i 4500
001 991061597648106706
003 ES-BaIT
005 20260202074906.0
008 260128s2025 sp a 000 d cat c
017 _aDL PM 00472-2025
_bOficina DL Mallorca
020 _a9788412919196
040 _aES-BaIT
_bcat
_erda
_cES-BaIT
080 _a849.9-2"20"
100 1 _aCasado i Olivas, Jordi,
_d1989-
_eautor
_9166072
245 1 0 _aAquí no ha passat res /
_cJordi Casado Olivas
264 1 _aMallorca :
_bAdiA Edicions,
_c2025
300 _a115 pàgines ;
_c20 cm
336 _atext
_btxt
_2rdacontent
337 _asense mediació
_bn
_2rdamedia
338 _avolum
_bnc
_2rdacarrier
490 1 _aCol·lecció Jàssera ;
_v8
500 _aSense llista de personatges
520 _a"Tothom coneix el càstig de Sísif: empènyer una roca fins el cim d’una muntanya, només perquè la maleïda roca torni a rodolar fins als peus de la muntanya. Tothom sap que Sísif està condemnat a empènyer la roca per tota l’eternitat, i que la roca sempre caurà quan arribi al cim. Una vegada i una altra. Per sempre.Però què passaria si Sísif es cansés d’empènyer la roca? Què passaria si deixés de fer-ho? Què passaria si, una vegada al cim, mentre la roca rodola muntanya avall, Sísif decidís que ja n’ha tingut prou? Què passaria si es rebel·lés contra el seu càstig etern, i busqués la manera de ser lliure?La història d’Aquí no ha passat res comença quan Sísif abandona la roca, s’allunya de la muntanya, i truca a una porta —la porta de l’Àlex— amb l’esperança de començar alguna cosa nova." -- Contracoberta
600 0 0 _aSísif
_c(Personatge mitològic)
_vTextos dramàtics
_9166521
830 _aCol·lecció Jàssera
_v8
_9168250
908 _aCDMAE
940 _aCVA38
942 _2udc
_c1
999 _c136975
_d136975